000
00284nam a22001097a 4500
008
230704b xxu||||| |||| 00| 0 eng d
082
_a
342.07
_b
MWA 1986
245
_a
1983 Election Petition Judgements
260
_a
Nairobi
_b
Stellagraphics Ltd
_c
1986
300
_a
232p
942
_2
ddc
_c
BK
999
_c
3642
_d
3642